000 00333nam a22001457a 4500
008 181031b xxu||||| |||| 00| 0 eng d
020 _a262180391
041 _aeng
080 _a101
082 _a101
100 _a24
101 _aFIL
245 _aEssays on the active powers of the human mind
_cReid. TH
942 _2udc
_cBK
999 _c51209
_d51209